Statistics for Queen

Click here to take the quiz!

General Stats

  • This quiz has been taken 83 times
  • The average score is 7 of 8

Answer Stats

QuestionAnswer% Correct
Recently a movie was made about Queen, what is the name of that movie?Bohemian Rhapsody
100%
Freddie was ___front singer
100%
How many members was in the band?four
97%
what genre did they mostly play?Mostly rock
95%
How many of the members are still alive?three of them
95%
What was the name of the bass player?John
89%
How long is their song 'Bohemian Rhapsody'?6 minutes
88%
Which of these are not a queen song?no way round
59%

Score Distribution

Percentile by Number Answered

Percent of People with Each Score

Your Score History

You have not taken this quiz